00776cam a2200265 i 4500001000500000005001700005020001800022040003000040050002100070082001000091100002700101245006000128260003200188300002300220490002000243500002100263505000800284520004200292521001800334521001900352650003400371650004200405700002700447700003600474184720250725101808.0 a9781407106151 aDLCbengerdacDLCdFISKH00aQ180.2bA77 2009 a741.51 aArnold, Nick,eauthor.10aVicious VegcNick Arnold illustrated by Tony De Saulles aLondon :bScholastic,c2008 a175 pages :c20 cm aHriible Science aTitle from case.0 aU  aVaried comics personifying plants to  a850 bLexile aU bRaz-Plus 0aSciencevJuvenile literature. 0aSciencexStudy and teaching (Primary)1 aArnold, Nick,eauthor.1 aDe Saulles, Tony,eillustrator.